Stacje i przystanki osobowe na trasie Rzeszów Główny - Tarnów - Statystyki

Ogólne statystyki
  • Ten quiz został rozwiązany 19 razy
  • Średni wynik to 13 z 20
Statystyki odpowiedzi
Odpowiedź % Poprawnych
Dębica
100%
Ropczyce
100%
Tarnów
100%
Rzeszów Główny
94%
Sędziszów Małopolski
94%
Rzeszów Zachodni
76%
Wola Rzędzińska
71%
Dębica Wschodnia
65%
Świlcza
65%
Będziemyśl
59%
Lubzina
59%
Rzeszów Baranówka
59%
Czarna Tarnowska
53%
Ropczyce Witkowice
53%
Trzciana
53%
Grabiny
47%
Rudna Wielka
47%
Wałki
47%
Rzeszów Dworzysko
41%
Sędziszów Małopolski Wschodni
41%
Nie znaleziono quizów pasujących do podanych kryteriów
Rozkład punktacji
Procent ludzi z każdym wynikiem
Percentyl według liczby udzielonych odpowiedzi
Twoja historia wyników
Nie rozwiązałeś tego quizu